Star Wars - Every Planet - Statistics

General Stats
  • This quiz has been taken 55 times
  • The average score is 29 of 500
Answer Stats
Hint Answer % Correct
Tatooine
94%
Coruscant
78%
Endor
78%
Naboo
78%
Hoth
75%
Alderaan
69%
Dagobah
66%
Kamino
66%
Geonosis
63%
Dantooine
59%
Jakku
59%
Mustafar
59%
Kashyyyk
53%
Bespin
47%
Scarif
47%
Ryloth
44%
Corellia
41%
Manda
41%
Dathomir
34%
D D'Qar
34%
Mon Cala
34%
Nal Hutta
34%
Cato Neimoidia
31%
Christophsis
31%
Felucia
31%
Ord Mantell
31%
Sullust
31%
Takodana
31%
Taris
31%
Mandalore
28%
Moraband
28%
Mygeeto
28%
Onderon
28%
Ahch-To
25%
Ilum
25%
Kessel
25%
L Lah'mu
25%
Lothal
25%
Malastare
25%
Rodia
25%
Devaron
22%
Polis Massa
22%
Rishi
22%
Saleucami
22%
Concord Dawn
19%
Duro
19%
Florrum
19%
Hosnian Prime
19%
Malachor
19%
Manaan
19%
Teth
19%
Abafar
16%
Anoat
16%
Atollon
16%
Cerea
16%
Fondor
16%
Kuat
16%
Neimoidia
16%
Orto Plutonia
16%
Starkiller Base
16%
Anaxes
13%
Ando
13%
Ansion
13%
Bothawui
13%
Carida
13%
Chandrila
13%
Corulag
13%
Eriadu
13%
Iego
13%
Iridonia
13%
Ithor
13%
Klatooine
13%
Lira San
13%
Maridun
13%
Ossus
13%
Ruusan
13%
Shili
13%
Stewjon
13%
Aeten
9%
Akiva
9%
Atzerri
9%
Balmorra
9%
Bastion
9%
Bogden
9%
Borleias
9%
Brentaal IV
9%
Csilla
9%
Denon
9%
Lotho Minor
9%
Muunilinst
9%
Ralltiir
9%
Raxus
9%
Scipio
9%
Thyferra
9%
Adumar
6%
Agamar
6%
Aleen
6%
Arkania
6%
Bardotta
6%
Boz Pity
6%
Chandel
6%
Charros
6%
Dorin
6%
Druckenwell
6%
F Falleen
6%
Fornax
6%
Ghorman
6%
Haruun Kal
6%
Kalarba
6%
Kalee
6%
Kiffex
6%
Kiffu
6%
Kiros
6%
Lwhekk
6%
Montross
6%
Naraka
6%
Obroa-Skai
6%
Rhen Var
6%
Rothana
6%
Skako
6%
Abhean
3%
Affa
3%
Akuria
3%
Ankus
3%
Anteevy
3%
B Balamak
3%
Balnab
3%
Belkadan
3%
Bescane
3%
Bilbringi
3%
Bilzen
3%
Bimmisaari
3%
Borgo Prime
3%
Borosk
3%
Camson
3%
Castell
3%
Centares
3%
Chalcedon
3%
Champala
3%
Corsin
3%
Daalang
3%
Delphon
3%
Dubrillion
3%
E Edusa
3%
Etti IV
3%
Farana
3%
Formos
3%
Garel
3%
Giju
3%
Gravlex Med
3%
Gree
3%
Grizmallt
3%
Halmad
3%
Helska
3%
Hok
3%
I Ibaar
3%
Iskalon
3%
J Jaemus
3%
Jomark
3%
K Kaal
3%
Kattada
3%
Keitum
3%
Kelada
3%
Kintan
3%
Kubindi
3%
Lannik
3%
Lasan
3%
Lexrul
3%
Lorta
3%
Milvayne
3%
Mon Gazza
3%
Nelvaan
3%
Nexus Ortai
3%
Nirauan
3%
Nixus
3%
O Oba Diah
3%
Omereth
3%
Oosalon
3%
P Palanhi
3%
Pammant
3%
Patitite Pattuna
3%
Patrolia
3%
Phu
3%
Pipada
3%
Q Quarzite
3%
Quell
3%
Quermia
3%
Rago
3%
Rattatak
3%
Ringo Vinda
3%
Rudrig
3%
Sedratis
3%
Seelos
3%
Sernpidal
3%
Shantipole
3%
Skako Minor
3%
Sleheyron
3%
Sluis Van
3%
Sneeve
3%
Socorro
3%
Sriluur
3%
Stygeon Prime
3%
Takobo
3%
Thalassia
3%
Thisspias
3%
Thustra
3%
0-9 5251977
0%
A Aargonar
0%
Abednedo
0%
Ahakista
0%
Allyuen
0%
Amethia Prime
0%
Anantapar
0%
Andelm IV
0%
Ando Prime
0%
Ankhural
0%
Anthan Prime
0%
Anzat
0%
Aquaris
0%
Argazda
0%
Arieli
0%
Arkanis
0%
Artiod Minor
0%
Asmeru
0%
Asryphus
0%
Bamayar
0%
Bastatha
0%
Basteel
0%
Bavva
0%
Belderone
0%
Belladoon
0%
Bellnar
0%
Belsavis
0%
Bendeluum
0%
Berzite
0%
Bestine
0%
Bimmiel
0%
Birgis
0%
Birren
0%
Blacktar Cyst
0%
Boda
0%
Bomis Koori
0%
Boranda
0%
Botajef
0%
Broest
0%
Burnin Konn
0%
Byblos
0%
C Calcoraan
0%
Candovant
0%
Carlac
0%
Carnelion IV
0%
Cartao
0%
Chad
0%
Chagar IX
0%
Chalacta
0%
Cheelit
0%
Cholganna
0%
Chrona
0%
Circarpous
0%
Ciutric
0%
Clak'dor VII
0%
Codia
0%
Colla IV
0%
Commenor
0%
Comra
0%
Council
0%
Coyerti
0%
Crucival
0%
Crul
0%
Cyphar
0%
Cyrkon
0%
Dandoran
0%
Darlyn
0%
Dasoor
0%
Daxam Beta
0%
Daxam IV
0%
Demiloch
0%
Dermos
0%
Deysum
0%
Dinwa Prime
0%
Dolla
0%
Draboon
0%
Dressel
0%
Durkteel
0%
Eiattu
0%
Enarc
0%
Entralla
0%
Er'Kit
0%
Ertegas
0%
Esfandia
0%
Espirion
0%
Eufornis Major
0%
Eufornis Minor
0%
Exodeen
0%
Farstine
0%
Ferrok Pax
0%
Force Planet
0%
G Gad
0%
Galaan
0%
Galidraan
0%
Galidraan III
0%
Galidraan IV
0%
Galpos II
0%
Galzez
0%
Gamorr
0%
Gand
0%
Gan Moradir
0%
Ganthel
0%
Garos
0%
Gatalenta
0%
Genassa
0%
Gentes
0%
Gerrenthum
0%
Gesaral Beta
0%
Gevurion
0%
Gilvaanen
0%
Glee Anslem
0%
Gorse
0%
Gozgo
0%
Graf-World
0%
Gromas
0%
Gutretee
0%
G'wenee
0%
H Haidoral Prime
0%
Halcyon
0%
Herdessa
0%
Hinari
0%
Horuz
0%
Hosra
0%
Hudalla
0%
Iloh
0%
Imdaar
0%
Imvur
0%
Indoumodo
0%
Indupar
0%
Insk
0%
Ione
0%
Irudiru
0%
Ison
0%
Ivarujar
0%
Ivera X
0%
Jelucan
0%
Jhan
0%
Jilrua
0%
Jiroch
0%
Juntar
0%
Kadavo
0%
Kalevala
0%
Kalinda
0%
Kaller
0%
Kallidah
0%
Kardoa
0%
Karfeddion
0%
Karkaris
0%
Kerev Doi
0%
Ketaris
0%
Khorm
0%
Khuteb
0%
Kirdo III
0%
Kirtarkin
0%
Klonoid
0%
Klytus V
0%
Kola Sayu
0%
Kooriva
0%
Korrus
0%
Kril'dor
0%
Kriselist
0%
Kupoh
0%
Kwenn
0%
Lahn
0%
Lahsbane
0%
Lanteeb
0%
Lantillies
0%
LCC-4-4-7
0%
Leritor
0%
Li-Toran
0%
Llanic
0%
Lonera
0%
Lorahns
0%
Loronar
0%
Lorrd
0%
Lucazec
0%
M Mahranee
0%
Makem Te
0%
Malpaz
0%
Mardona III
0%
Marloff Minor
0%
Mataou
0%
Megalox Beta
0%
Mendavi
0%
Mennar-Daye
0%
Metalorn
0%
Mexeluine
0%
Mirial
0%
Mirrin Prime
0%
Miser
0%
Moellia
0%
Moltok
0%
Monastery
0%
Moonga
0%
Moorja
0%
Moraga
0%
Mordal
0%
Mrisst
0%
Mugaar
0%
Murkhana
0%
Mytus
0%
N Naalol
0%
Naator
0%
Nag Ubdur
0%
Nakadia
0%
Namadil
0%
Nam Chorios
0%
Nanth'ri
0%
Nantoon
0%
Nar Kanji
0%
Narq
0%
NewCov
0%
New Plympto
0%
Nez Peron
0%
Nixor
0%
Nothoiin
0%
Noult
0%
Null
0%
Ogem
0%
Ojom
0%
Oon
0%
Ord Biniir
0%
Ord Cantrell
0%
Ord Pardorn
0%
Ord Trasi
0%
Orinda
0%
Orn Kios
0%
Orondia
0%
Oulanne
0%
Ovanis
0%
Pamarthe
0%
Paqwepor
0%
Pasher
0%
Phaeda
0%
Phatrong
0%
Phindar
0%
Phorsa Gedd
0%
Ploo II
0%
Pollillus
0%
Polmanar
0%
Pondakree
0%
Ponemah Terminal
0%
Prefsbelt
0%
Promencius Four
0%
Pujool
0%
Quellor
0%
Quila
0%
R Radnor
0%
Rajtiri
0%
Rakat Prime
0%
Randon
0%
Raydonia
0%
Riflor
0%
Riin
0%
Rina Major
0%
Rin Tonne
0%
Rion
0%
Riosa
0%
Roche
0%
S Sakiya
0%
Salient I
0%
Salient II
0%
Samovar
0%
Sarka
0%
Sarrish
0%
Secundus Ando
0%
Sembia
0%
Sernno
0%
sesid
0%
Sevarcos
0%
Sha Qarot
0%
Shaum Hii
0%
Shu-Torun
0%
Sibensko
0%
Skaradosh
0%
Solarine
0%
Son-Tuul
0%
Sterdic IV
0%
Synistahg
0%
T Taanab
0%
Tangrene
0%
Tansyl 5
0%
Taul
0%
Tei-Untis
0%
Teralov
0%
Teyr
0%
Thabeska
0%
The Redoubt
0%
The Red Twins
0%
Theron
0%
Thession
0%
Thrad
0%
Thune
0%
Tibrin
0%
No matching quizzes found
Score Distribution
Percent of People with Each Score
Percentile by Number Answered
Your Score History
You have not taken this quiz